Catalog

Record Details

Catalog Search



Slovenskí Židia : fragmenty z dejín židovstva na Slovensku

Büchler, Robert (Author). Fatranová, Gita (Author). Mičev, Stanislav (Author).

Record details

  • ISBN: 80-85306-02-6 :
  • Physical Description: 60 s.
  • Publisher: Banská Bystrica : Múzeum SNP, 1991

Available copies

  • 1 of 1 copy available at Common Catalog SPOK.

Holds

  • 0 current holds with 1 total copy.
Show Only Available Copies
Location Call Number / Copy Notes Barcode Shelving Location Status Due Date
Terezin Initiative Institute 495 4594300495 Knihovna ITI Available -

LDR 00559nam a2200193 4500
00125463
003CZ-PrJAB
00520220825131521.0
008050317s1991 xo ||||gr|||||000|0|slo d
020 . ‡a80-85306-02-6 : ‡cKč 9,50
035 . ‡a(CONS)266
035 . ‡a(CZ PrSKC)KN3148000000216967
040 . ‡aULG001 ‡bcze
080 . ‡a572 ‡2MRF-sel
1001 . ‡aBüchler, Robert ‡4aut
24510. ‡aSlovenskí Židia : ‡bfragmenty z dejín židovstva na Slovensku
260 . ‡aBanská Bystrica : ‡bMúzeum SNP, ‡c1991
300 . ‡a60 s.
7001 . ‡aFatranová, Gita ‡4aut
7001 . ‡aMičev, Stanislav ‡4aut
8524 . ‡bJACH-ITI ‡bJACH-ITI ‡cKnihovna ITI ‡j495 ‡p495 ‡y$0.00
910 . ‡aABE340 ‡b495
995 . ‡askok
901 . ‡a25463 ‡bUnknown ‡c25463 ‡tbiblio

Additional Resources